[Event "4th Al Ain Chess Classic"]
[Site "Al-Ain UAE"]
[Date "2015.12.26"]
[Round "5.33"]
[White "Morchiashvili, Bachana"]
[Black "Arencibia Rodriguez, Walter"]
[Result "0-1"]
[WhiteTitle "IM"]
[BlackTitle "GM"]
[WhiteElo "2326"]
[BlackElo "2501"]
[WhiteFideId "13602535"]
[BlackFideId "3500012"]
[EventDate "2015.12.23"]

1. d4 Nf6 2. c4 e6 3. Nf3 c5 4. e3 b6 5. Nc3 cxd4 6. exd4 Bb7 7. Bd3 Be7 8. O-O
d6 9. d5 e5 10. Ng5 Nbd7 11. f4 h6 12. Ne6 fxe6 13. dxe6 O-O 14. exd7 Qxd7 15.
Qe2 Rae8 16. Bg6 Rd8 17. h3 Qc6 18. Be3 e4 19. Rfd1 Ba6 20. Rd4 d5 21. Nxd5 Nxd5
22. Bxe4 Nxf4 23. Bxf4 Qc5 24. Bd5+ Rxd5 25. Qe6+ Kh8 26. Qxd5 Rxf4 27. Rd1 Rxd4
28. Rxd4 Qxd4+ 0-1

[Event "4th Al Ain Chess Classic"]
[Site "Al-Ain UAE"]
[Date "2015.12.26"]
[Round "5.34"]
[White "Deepan, Chakkravarthy J."]
[Black "Nitish, Belurkar"]
[Result "1/2-1/2"]
[WhiteTitle "GM"]
[BlackTitle "CM"]
[WhiteElo "2496"]
[BlackElo "2304"]
[WhiteFideId "5011132"]
[BlackFideId "5084768"]
[EventDate "2015.12.23"]

1. c4 e5 2. g3 g6 3. Bg2 Bg7 4. e3 Nf6 5. Ne2 O-O 6. O-O d6 7. d4 c6 8. Nbc3 Be6
9. b3 Qd7 10. Ba3 Rd8 11. Qc2 Bf5 12. e4 Bh3 13. Rad1 Bxg2 14. Kxg2 exd4 15.
Nxd4 Na6 16. h3 Nc7 17. f4 Ne6 18. Nf3 Qc7 19. f5 Nf8 20. g4 h6 21. Ne2 c5 22.
Bb2 g5 23. Ng3 N8d7 24. Rfe1 Ne5 25. Bxe5 dxe5 26. Ne2 Rxd1 27. Rxd1 Rd8 28. Nc3
Rxd1 29. Qxd1 Qa5 30. Qc2 a6 31. Nd5 Kf8 32. Nd2 Ke8 33. Nf1 Qe1 34. Ng3 Qa1 35.
Nc3 Qe1 36. Qd3 Bf8 37. Nd5 Nxd5 38. Qxd5 f6 39. Qd3 Qa1 40. Qd2 Qd4 41. Qxd4
cxd4 42. Kf3 Ba3 43. Ke2 b6 44. Kd3 Ke7 45. Kc2 Ke8 46. Nf1 Bb4 47. Ng3 Ba3 48.
Nh1 Kd7 49. Nf2 Kc6 50. Nd3 a5 51. Ne1 Bb4 52. Nf3 Ba3 53. Ng1 Kd6 1/2-1/2

[Event "4th Al Ain Chess Classic"]
[Site "Al-Ain UAE"]
[Date "2015.12.26"]
[Round "5.35"]
[White "Hayrapetyan, Hovik"]
[Black "Hojjatova, Aydan"]
[Result "1-0"]
[WhiteTitle "GM"]
[BlackTitle "WFM"]
[WhiteElo "2489"]
[BlackElo "2288"]
[WhiteFideId "13302639"]
[BlackFideId "13401491"]
[EventDate "2015.12.23"]

1. Nf3 Nf6 2. c4 e6 3. g3 d5 4. Bg2 Be7 5. O-O O-O 6. b3 b6 7. Bb2 Bb7 8. cxd5
exd5 9. d4 c5 10. Nc3 Nc6 11. Rc1 cxd4 12. Nb5 Bc5 13. Nbxd4 Nxd4 14. Nxd4 Ne4
15. Nf5 f6 16. b4 Bc8 17. Bxe4 dxe4 18. Qb3+ Kh8 19. Rfd1 Qe8 20. bxc5 Bxf5 21.
c6 Rc8 22. c7 Be6 23. Qa3 Qf7 24. Qxa7 Bc4 25. Ba3 Rfe8 26. Bd6 Bxe2 27. Rd2 Bf3
28. Qxb6 Qe6 29. Kf1 Qh3+ 30. Ke1 Qxh2 31. Rdc2 Qh5 32. Qc5 Qf7 33. Bf4 Qd7 34.
Be3 Re5 35. Rd2 Qe8 36. Qb6 Qh5 37. Rd8+ Re8 38. Rxe8+ Qxe8 39. Qc6 Bg4 40.
Qxe8+ Rxe8 41. Rc6 Kg8 42. Rd6 Kf7 43. Rd8 Bc8 44. Kd2 h5 45. Kc3 g5 46. Kb4 Ke7
47. Bc5+ Kf7 48. Be3 Ke7 49. Bd4 g4 50. Bxf6+ Kf7 51. Rxe8 Kxe8 52. Kc5 Kf7 53.
Bd8 Ke6 54. a4 Kd7 55. Kb6 1-0

[Event "4th Al Ain Chess Classic"]
[Site "Al-Ain UAE"]
[Date "2015.12.26"]
[Round "5.36"]
[White "Swayams, Mishra"]
[Black "Mkrtchyan, Sargis R."]
[Result "1-0"]
[WhiteTitle "IM"]
[WhiteElo "2477"]
[BlackElo "2236"]
[WhiteFideId "5028183"]
[BlackFideId "13307878"]
[EventDate "2015.12.23"]

1. d4 Nf6 2. c4 g6 3. Nc3 d5 4. Nf3 Bg7 5. Bf4 O-O 6. e3 c5 7. dxc5 Qa5 8. Rc1
dxc4 9. Bxc4 Qxc5 10. Bb3 Nc6 11. O-O Qa5 12. h3 Bf5 13. Qe2 Ne4 14. Nd5 e5 15.
Rxc6 bxc6 16. Ne7+ Kh8 17. Nxc6 Qb6 18. Ncxe5 Be6 19. Bxe6 Qxe6 20. b3 Rac8 21.
Qb2 Nc3 22. Nc4 Nb5 23. Qd2 Rfd8 24. Qa5 Rd5 25. Ng5 Qd7 26. e4 Rdc5 27. Be3 Nd4
28. Qd2 Rd8 29. Rd1 Qe7 30. Kh1 Rxc4 31. bxc4 Ne6 32. Nxf7+ Qxf7 33. Qxd8+ Nxd8
34. Rxd8+ Bf8 35. Bh6 1-0

[Event "4th Al Ain Chess Classic"]
[Site "Al-Ain UAE"]
[Date "2015.12.26"]
[Round "5.37"]
[White "Asadli, Vugar"]
[Black "Mollah Abdullah, Al Rakib"]
[Result "1/2-1/2"]
[WhiteTitle "FM"]
[BlackTitle "GM"]
[WhiteElo "2323"]
[BlackElo "2472"]
[WhiteFideId "13405764"]
[BlackFideId "10200444"]
[EventDate "2015.12.23"]

1. e4 e5 2. Nf3 Nc6 3. d4 exd4 4. Nxd4 Bb4+ 5. c3 Bc5 6. Be3 Bb6 7. Nf5 Bxe3 8.
Nxe3 Nge7 9. Bc4 d6 10. O-O O-O 11. Nd2 Kh8 12. Nf3 f5 13. Ng5 Qe8 14. exf5 Nxf5
15. Qd5 Ne5 16. Bb3 c6 17. Qd2 h6 18. f4 Nd3 19. Nf7+ Rxf7 20. Bxf7 Qxe3+ 21.
Qxe3 Nxe3 22. Rf3 Nc2 23. Rd1 Nde1 24. Rg3 Bf5 25. Rxd6 Rf8 26. Bb3 Re8 27. Kf2
Kh7 28. Rd2 b5 29. h4 Re7 30. h5 c5 31. Re2 Rxe2+ 32. Kxe2 c4 33. Bxc2 Nxc2 34.
Kd2 a5 35. a3 Na1 36. Re3 Nb3+ 37. Ke2 Nc1+ 38. Kd2 Nd3 39. g3 Bg4 40. Re7 Bxh5
41. Rb7 Be8 42. Rb8 Bc6 43. Rb6 Be8 44. Rb8 Bc6 45. Rb6 1/2-1/2

[Event "4th Al Ain Chess Classic"]
[Site "Al-Ain UAE"]
[Date "2015.12.26"]
[Round "5.38"]
[White "Mammadov, Zaur"]
[Black "Mayed AlRashedi"]
[Result "1-0"]
[WhiteTitle "GM"]
[BlackTitle "FM"]
[WhiteElo "2467"]
[BlackElo "1895"]
[WhiteFideId "13401033"]
[BlackFideId "9303871"]
[EventDate "2015.12.23"]

1. Nf3 Nf6 2. d4 d5 3. e3 Bf5 4. c4 c6 5. Nc3 e6 6. Nh4 Bg4 7. Qb3 Qb6 8. h3 Bh5
9. Bd2 Nbd7 10. Bd3 Be7 11. g4 Bg6 12. Nxg6 hxg6 13. g5 Nh7 14. f4 Nhf8 15. Qc2
dxc4 16. Bxc4 Qc7 17. O-O-O Nb6 18. Be2 O-O-O 19. Kb1 Kb8 20. Rc1 Nd5 21. Ne4
Nd7 22. Qb3 Qb6 23. Qc2 Bb4 24. Bf3 Bxd2 25. Qxd2 Qb4 26. Qe2 N7b6 27. Nc5 Qb5
28. Nd3 Nc4 29. a4 Qb3 30. Nc5 Na3+ 31. Ka1 Qxe3 32. Qxe3 Nxe3 33. bxa3 Rxd4 34.
Rc3 Nd5 35. Bxd5 Rxd5 36. Rb1 b6 37. Na6+ Kb7 38. Nb4 Rd6 39. Nd3 Rh4 40. Rb4 f6
41. gxf6 gxf6 42. Nf2 a5 43. Rbc4 c5 44. Kb1 Rd2 45. Rf3 e5 46. Ng4 exf4 47.
Nxf6 Rh2 48. Rcc3 g5 49. Rcd3 Rh8 50. Ne4 Kc6 51. Rd6+ Kc7 52. Rd2 R2xh3 53.
Nxg5 Rxf3 54. Nxf3 Re8 55. Ng5 Re5 56. Rg2 Re3 57. Kb2 f3 58. Rf2 Re2+ 59. Rxe2
fxe2 60. Nf3 Kc6 61. Kc3 Kd5 62. Kd3 c4+ 63. Kxe2 Kc5 64. Ng5 b5 65. Ne4+ Kc6
66. axb5+ Kxb5 67. Nc3+ Kc6 68. Ke3 1-0

[Event "4th Al Ain Chess Classic"]
[Site "Al-Ain UAE"]
[Date "2015.12.26"]
[Round "5.39"]
[White "Sindarov, Javokhir"]
[Black "Petrosyan, Manuel"]
[Result "1-0"]
[WhiteTitle "CM"]
[BlackTitle "IM"]
[WhiteElo "2224"]
[BlackElo "2466"]
[WhiteFideId "14205483"]
[BlackFideId "13300857"]
[EventDate "2015.12.23"]

1. e4 e5 2. Nf3 Nc6 3. d4 exd4 4. Nxd4 Qf6 5. Be3 Bc5 6. c3 b6 7. g3 Bb7 8. Bg2
Nge7 9. O-O O-O 10. f4 d6 11. Bf2 a6 12. b4 Bxd4 13. cxd4 d5 14. exd5 Nxb4 15.
d6 Bxg2 16. dxe7 Qc6 17. exf8=Q+ Rxf8 18. Nd2 Bh1 19. d5 Qxd5 20. Nf3 Bxf3 21.
Qxd5 Bxd5 22. Rfd1 Bxa2 23. Be1 Bb3 24. Bxb4 c5 25. Rdb1 Bc4 26. Ba3 Bb5 27. Re1
h6 28. Rad1 Rc8 29. Bb2 Bc6 30. Rd6 a5 31. Red1 Kh7 32. Rd8 Rc7 33. Rb8 b5 34.
f5 Bd7 35. g4 h5 36. h3 c4 37. Be5 Rc5 38. Rxd7 Rxe5 39. Rxf7 hxg4 40. hxg4 Kh6
41. Rb6+ Kg5 42. Re6 Rc5 43. Rxg7+ Kh4 44. Kg2 1-0

[Event "4th Al Ain Chess Classic"]
[Site "Al-Ain UAE"]
[Date "2015.12.26"]
[Round "5.40"]
[White "Hesham, Abdelrahman"]
[Black "Arjun Kalyan"]
[Result "1/2-1/2"]
[WhiteTitle "IM"]
[WhiteElo "2398"]
[BlackElo "2107"]
[WhiteFideId "10600183"]
[BlackFideId "35018701"]
[EventDate "2015.12.23"]

1. d4 Nf6 2. c4 e6 3. Nf3 d5 4. Nc3 Bb4 5. Bg5 h6 6. Bxf6 Qxf6 7. Qa4+ Nc6 8. e3
O-O 9. Be2 dxc4 10. O-O Bd7 11. Bxc4 Qe7 12. Qc2 Bd6 13. a3 e5 14. d5 Nd8 15.
Ne4 f5 16. Nxd6 cxd6 17. Rac1 Nf7 18. Qb3 b5 19. Be2 Rfc8 20. Rc3 a6 21. Rfc1
Rxc3 22. Rxc3 Qd8 23. Qc2 Rc8 24. a4 Rxc3 25. Qxc3 Qb6 26. axb5 axb5 27. Nh4 g5
28. Ng6 Kg7 29. Ne7 Kf6 30. Nc6 Nd8 31. Qb4 Nb7 32. Qxb5 Qxb5 33. Bxb5 Nc5 34.
f3 f4 35. e4 Bxc6 36. Bxc6 Nd3 37. b3 Ke7 38. Bb5 Nb4 39. Kf2 Nc2 40. Bc4 Ne3
41. g3 Kd7 42. gxf4 gxf4 43. Ke2 Kc7 44. Kd2 Kb6 45. Kc3 Kc5 46. Be2 Ng2 47. b4+
Kb6 48. Bf1 Ne3 49. Bh3 Nd1+ 50. Kb3 Ne3 51. Kb2 Kb5 52. Kc3 Nd1+ 53. Kb3 Ne3
54. Bd7+ Kb6 55. Kc3 Nd1+ 56. Kd3 Ne3 57. Ke2 Nc2 58. Ba4 1/2-1/2

[Event "4th Al Ain Chess Classic"]
[Site "Al-Ain UAE"]
[Date "2015.12.26"]
[Round "5.41"]
[White "Ahmed, Fareed"]
[Black "Anurag, Mhamal"]
[Result "1/2-1/2"]
[WhiteTitle "FM"]
[BlackTitle "IM"]
[WhiteElo "1970"]
[BlackElo "2390"]
[WhiteFideId "9303677"]
[BlackFideId "5024366"]
[EventDate "2015.12.23"]

1. e4 c5 2. Nf3 g6 3. d4 cxd4 4. Nxd4 Bg7 5. Nc3 Nc6 6. Be3 Nf6 7. Bc4 O-O 8.
Bb3 d6 9. f3 Na5 10. h4 h5 11. Qd2 a6 12. O-O-O b5 13. Bh6 Nc4 14. Bxc4 bxc4 15.
Nd5 Nxd5 16. Bxg7 Kxg7 17. exd5 Rh8 18. Nc6 Qc7 19. Qd4+ Kh7 20. g4 e5 21. Qxc4
Kg7 22. gxh5 Rxh5 23. Nxe5 Qxc4 24. Nxc4 Bb7 25. Ne3 Re8 26. Rhe1 Kf8 27. Rd4
Bxd5 28. Rb4 Ree5 29. Ng2 Ke7 30. Kd2 f6 31. Ne3 Be6 32. Rg1 g5 33. hxg5 fxg5 1/2-1/2

[Event "4th Al Ain Chess Classic"]
[Site "Al-Ain UAE"]
[Date "2015.12.26"]
[Round "5.42"]
[White "Harutyunian, Tigran K."]
[Black "Parvanyan, Ashot"]
[Result "1-0"]
[WhiteTitle "IM"]
[WhiteElo "2448"]
[BlackElo "2197"]
[WhiteFideId "13303635"]
[BlackFideId "13307550"]
[EventDate "2015.12.23"]

1. c4 Nf6 2. Nc3 g6 3. e4 d6 4. g3 Bg7 5. Bg2 O-O 6. Nge2 c5 7. O-O Nc6 8. d3
Rb8 9. h3 a6 10. a4 Ne8 11. Be3 Nc7 12. d4 cxd4 13. Nxd4 Ne6 14. Nde2 Nc5 15.
Rb1 Nb4 16. b3 f5 17. Qd2 a5 18. Bh6 fxe4 19. Bxg7 Kxg7 20. g4 Bd7 21. Qd4+ Kg8
22. Nxe4 Nxe4 23. Bxe4 Bc6 24. Rbd1 e5 25. Qe3 Bxe4 26. Qxe4 Qb6 27. Kg2 Rbd8
28. Nc3 Rf4 29. Nd5 Rxe4 30. Nxb6 Re2 31. Rfe1 Rb2 32. c5 d5 33. Nc4 Rxb3 34.
Nxa5 Rc3 35. Rxe5 Nc6 36. Nxb7 Rd7 37. Re6 Nb4 38. Nd6 Nd3 39. Re8+ Kg7 40. Re3
Rxc5 41. Ne8+ Kf7 42. Rdxd3 Rc8 43. Re5 Rxe8 44. Rf3+ 1-0

[Event "4th Al Ain Chess Classic"]
[Site "Al-Ain UAE"]
[Date "2015.12.26"]
[Round "5.43"]
[White "Arvola, Benjamin"]
[Black "Khalafova, Narmin"]
[Result "1-0"]
[WhiteTitle "FM"]
[BlackTitle "WIM"]
[WhiteElo "2328"]
[BlackElo "2138"]
[WhiteFideId "1506536"]
[BlackFideId "13402625"]
[EventDate "2015.12.23"]

1. e4 c5 2. Nf3 d6 3. d4 cxd4 4. Nxd4 Nf6 5. Nc3 a6 6. Be3 Ng4 7. Bc1 Nf6 8. h3
e5 9. Nb3 Be6 10. Be3 Nbd7 11. g4 Rc8 12. Qd3 h6 13. O-O-O Qc7 14. Kb1 b5 15.
Nd5 Bxd5 16. exd5 Nb6 17. Bxb6 Qxb6 18. f4 Nd7 19. Bg2 Be7 20. Rde1 O-O 21. h4
Qf2 22. Be4 Rc7 23. g5 Qxf4 24. Rhf1 Qxh4 25. gxh6 g5 26. Rh1 Qf2 27. Ref1 Qb6
28. Qh3 Kh8 29. Bd3 e4 30. Bxe4 Ne5 31. Rhg1 f5 32. Bxf5 Rc4 33. Rh1 Rh4 34. Qg2
Rxh1 35. Qxh1 Qe3 36. Nc1 g4 37. Re1 Qf4 38. Be4 Rf6 39. h7 Rf8 40. a3 Bg5 41.
Nd3 Nxd3 42. Bxd3 Bf6 43. c3 Qf3 44. Be4 Qxh1 45. Rxh1 Be5 46. Kc2 Rf2+ 47. Kd3
Rxb2 48. Rf1 Kg7 49. Rf5 Rh2 50. Rg5+ Kf7 51. Rxg4 Rh3+ 52. Ke2 Bxc3 53. Rg8 Be5
54. Ra8 Rh4 55. Kf3 Kg7 56. Rxa6 Rf4+ 57. Ke3 Rf8 58. Ra7+ Kh6 59. Bd3 Bg7 60.
Rd7 Be5 61. Bxb5 Rh8 62. Bd3 Kg5 63. a4 Ra8 64. Re7 Kf6 65. Re6+ Kf7 66. a5 Bc3
67. a6 Be5 68. Kd2 Rc8 69. Bb5 Kg7 70. Bc6 Bd4 71. Kd3 Bc5 72. Kc4 Rc7 73. Rh6
Kh8 74. Kb5 Rg7 75. Rh3 Rg4 76. Bb7 Rg7 77. Kc6 Re7 78. Bc8 Re8 79. Bf5 Ra8 80.
Bd3 Rb8 81. Rg3 1-0

[Event "4th Al Ain Chess Classic"]
[Site "Al-Ain UAE"]
[Date "2015.12.26"]
[Round "5.44"]
[White "Jayakumaar S"]
[Black "Kulkarni, Bhakti"]
[Result "0-1"]
[BlackTitle "CM"]
[WhiteElo "2169"]
[BlackElo "2328"]
[WhiteFideId "5090997"]
[BlackFideId "5019516"]
[EventDate "2015.12.23"]

1. e4 d6 2. d4 Nf6 3. Nc3 e5 4. dxe5 dxe5 5. Qxd8+ Kxd8 6. Bg5 Be6 7. O-O-O+ Nd7
8. Nf3 Kc8 9. a3 c6 10. Bh4 Kc7 11. Bg3 Bd6 12. Be2 Bg4 13. Ng5 Bxe2 14. Nxe2
Rhf8 15. Nc3 b5 16. Nf3 Rfe8 17. Rd2 Nc5 18. Ng5 Re7 19. Rhd1 Nb7 20. Nf3 h6 21.
h3 a5 22. Re2 Nc5 23. Nd2 Nh5 24. Bh2 Ne6 25. Nb3 f6 26. Red2 Rd7 27. a4 b4 28.
Ne2 g6 29. g4 Nhf4 30. Bxf4 exf4 31. Ned4 Nf8 32. Rd3 Rdd8 33. c4 Be5 34. Nc5
Bxd4 35. Rxd4 Rxd4 36. Rxd4 Rd8 37. Rxd8 Kxd8 38. Kd2 Kc7 39. Ke2 Kb6 40. Nd3
Ne6 41. Kf3 Nc5 42. Nxc5 Kxc5 43. b3 Kd4 44. Kxf4 Kc3 45. h4 Kxb3 46. g5 hxg5+
47. hxg5 fxg5+ 48. Kxg5 Kxc4 49. e5 Kd5 50. Kf6 b3 51. e6 b2 52. e7 b1=Q 53.
e8=Q Qf5+ 54. Kg7 Qe5+ 55. Qxe5+ Kxe5 56. Kxg6 Kf4 0-1

[Event "4th Al Ain Chess Classic"]
[Site "Al-Ain UAE"]
[Date "2015.12.26"]
[Round "5.45"]
[White "Danielyan, Vahe"]
[Black "Hakobyan, Hovhannes H."]
[Result "0-1"]
[WhiteElo "2307"]
[BlackElo "2112"]
[WhiteFideId "13304828"]
[BlackFideId "13306308"]
[EventDate "2015.12.23"]

1. Nf3 Nf6 2. g3 g6 3. b3 Bg7 4. Bb2 O-O 5. Bg2 d6 6. d4 c5 7. c4 Ng4 8. O-O Nc6
9. e3 cxd4 10. exd4 Nh6 11. Bc3 Bg4 12. h3 Bxf3 13. Bxf3 Nf5 14. d5 Ne5 15. Bg2
Rc8 16. a4 a6 17. a5 b5 18. cxb5 axb5 19. Ra2 Qc7 20. Qe2 Qa7 21. Kh2 b4 22.
Bxb4 Rb8 23. Ra4 Nd4 24. Qd1 Qa6 25. Nd2 Rfc8 26. Ba3 Qd3 27. Be4 Qxd2 28. a6
Qxd1 29. Rxd1 Nb5 30. Bb4 Nd7 31. Bd3 Na7 32. Re1 Bf6 33. g4 Kf8 34. f4 Bc3 35.
Bxc3 Rxc3 36. Bc4 Nc5 37. Ra3 Nxb3 38. Be2 Rc2 39. Kg3 Nc5 40. Bd1 Rd2 41. Kh4
Rd3 42. Ra2 h6 43. Rae2 e6 44. dxe6 Nxe6 45. Re3 Rxe3 46. Rxe3 Nxf4 47. Bf3 Rb6
48. Bb7 Rxa6 49. Kg3 Rb6 0-1

[Event "4th Al Ain Chess Classic"]
[Site "Al-Ain UAE"]
[Date "2015.12.26"]
[Round "5.46"]
[White "Iniyan, P"]
[Black "Anisuzzaman, Jewel"]
[Result "1-0"]
[WhiteElo "2275"]
[BlackElo "2078"]
[WhiteFideId "25002767"]
[BlackFideId "10204695"]
[EventDate "2015.12.23"]

1. d4 e6 2. c4 b6 3. Nc3 Bb7 4. a3 g6 5. e4 Bg7 6. Be3 Ne7 7. Bd3 d5 8. cxd5
exd5 9. e5 c5 10. f4 cxd4 11. Bxd4 Nbc6 12. Nf3 O-O 13. O-O Nxd4 14. Nxd4 a6 15.
Qe2 b5 16. Kh1 Qb6 17. Qf2 f6 18. e6 Rad8 19. Nce2 Rfe8 20. f5 g5 21. Nc1 Nc8
22. Ncb3 Nd6 23. Nf3 Qxf2 24. Rxf2 Nc4 25. Nbd4 g4 26. Ne1 Bf8 27. b4 Bd6 28.
Nb3 Re7 29. Be2 h5 30. Nd3 Kg7 31. Ndc5 Bc6 32. Rff1 Be5 33. Bxc4 bxc4 34. Na5
Bb5 35. a4 Bxa1 36. axb5 Bb2 37. Nc6 Rde8 38. Nxe7 Rxe7 39. bxa6 1-0

[Event "4th Al Ain Chess Classic"]
[Site "Al-Ain UAE"]
[Date "2015.12.26"]
[Round "5.47"]
[White "Abdulla, Khayala"]
[Black "Ali, Abdulaziz"]
[Result "1-0"]
[WhiteTitle "WGM"]
[WhiteElo "2256"]
[BlackElo "1855"]
[WhiteFideId "13401807"]
[BlackFideId "9304347"]
[EventDate "2015.12.23"]

1. e4 e5 2. Nf3 Nc6 3. Bb5 a6 4. Ba4 Nf6 5. d3 d6 6. c3 g6 7. O-O Bg7 8. Re1 O-O
9. Bg5 h6 10. Bh4 g5 11. Bg3 Nh5 12. Nxe5 dxe5 13. Qxh5 Qxd3 14. h4 Qd8 15. Na3
Be6 16. Nc2 Qf6 17. Bxc6 bxc6 18. Nb4 Bd7 19. Nd3 Qe7 20. hxg5 hxg5 21. f3 f6
22. Bf2 Be8 23. Qh2 Rf7 24. Bc5 Qe6 25. Ba3 Qc4 26. Nf2 Bd7 27. Nd1 Bf8 28. Ne3
Qb5 29. Bxf8 Raxf8 30. b3 Rh7 31. Qg3 Qc5 32. c4 Kg7 33. Kf2 Be6 34. Rad1 Rfh8
35. Ke2 Kg6 36. Ng4 Rh4 37. Nf2 Rh2 38. Rd2 Qe7 39. Kd1 R2h7 40. Nd3 Kf7 41. Qf2
Rd8 42. Nc5 Bc8 43. Rxd8 Qxd8+ 44. Kc2 Kg6 45. Rd1 Qe7 46. b4 Rh8 47. Kc3 Rd8
48. Rxd8 Qxd8 49. Nd3 Qd6 50. a4 a5 51. Qc5 axb4+ 52. Qxb4 Qd4+ 53. Kc2 Ba6 54.
Qc5 Qd6 55. Qxd6 cxd6 56. c5 Kf7 57. cxd6 1-0

[Event "4th Al Ain Chess Classic"]
[Site "Al-Ain UAE"]
[Date "2015.12.26"]
[Round "5.48"]
[White "Rahul Srivatshav P"]
[Black "Ashwath, R."]
[Result "0-1"]
[WhiteElo "2086"]
[BlackElo "2252"]
[WhiteFideId "25059653"]
[BlackFideId "5021049"]
[EventDate "2015.12.23"]

1. d4 Nf6 2. c4 e6 3. Nc3 Bb4 4. e3 O-O 5. Ne2 Re8 6. a3 Bf8 7. Ng3 d5 8. Bd3
dxc4 9. Bxc4 c5 10. O-O cxd4 11. exd4 Nc6 12. Be3 h6 13. d5 exd5 14. Nxd5 Be6
15. Nxf6+ Qxf6 16. Bxe6 Qxe6 17. Rc1 g6 18. Bd2 Rad8 19. Re1 Qxe1+ 20. Bxe1 Rxd1
21. Rxd1 Bg7 22. b4 b5 23. Kf1 Bb2 24. Rd5 a6 25. Rd3 Ne5 26. Re3 Rc8 27. Ne4
Rc1 28. Ke2 Nc4 29. Rh3 Nxa3 30. Rxh6 Rc4 31. Nd6 Rd4 32. Nb7 Nc2 33. Nc5 Nxe1
34. Kxe1 Bc3+ 35. Ke2 Bxb4 36. Nxa6 Bd6 37. Rh3 Ra4 38. Rb3 Rxa6 39. Rxb5 Bxh2
40. g3 Ra3 41. Rg5 Kg7 42. Kf1 f5 0-1

[Event "4th Al Ain Chess Classic"]
[Site "Al-Ain UAE"]
[Date "2015.12.26"]
[Round "5.49"]
[White "Saiid, Samir"]
[Black "San Juan, Dennis"]
[Result "0-1"]
[WhiteElo "2200"]
[BlackElo "2101"]
[WhiteFideId "10601546"]
[BlackFideId "5207533"]
[EventDate "2015.12.23"]

1. e4 e5 2. Nf3 Nc6 3. Bb5 a6 4. Ba4 Nf6 5. O-O b5 6. Bb3 Bc5 7. Nxe5 Nxe5 8. d4
Bxd4 9. Qxd4 d6 10. c3 h6 11. Nd2 O-O 12. Rd1 Nfg4 13. Nf1 Qh4 14. Bf4 Be6 15.
Bg3 Qh5 16. f3 Nf6 17. Ne3 Nc6 18. Qd2 Bxb3 19. axb3 Qg5 20. Qf2 Nh5 21. Rd5 Qg6
22. Nf5 Nxg3 23. Nh4 Qf6 24. Qxg3 Ne7 25. Rd4 Qe6 26. b4 Kh7 27. f4 Nc6 28. Rd2
Rfe8 29. Re1 a5 30. bxa5 Rxa5 31. Qd3 Qc4 32. Qb1 g6 33. Rd5 b4 34. Rxa5 Nxa5
35. cxb4 Qxb4 36. Nf3 Nc4 37. Qc2 Re7 38. h3 d5 39. b3 Na3 40. Qc1 dxe4 41. Ne5
Nc2 42. Re2 Qd4+ 43. Kh1 Nb4 44. Qe1 e3 45. Rxe3 Nd5 46. Re4 Qb2 47. Nxg6 Rxe4
48. Qxe4 Qa1+ 49. Kh2 Nf6 50. Nf8+ Kg8 51. Qe5 Qa6 52. Qc5 Qd6 53. Qc4 Kxf8 54.
g4 c5 55. Kg3 Qe7 56. Kf3 Qb7+ 57. Kf2 Qe7 58. Kf3 Qd6 59. Kg3 Nd5 60. Qe4 Nc3
61. Qe3 Nb5 62. Qe5 Qxe5 63. fxe5 Nd4 64. Kf4 Nxb3 65. Ke4 Nd4 66. Kd5 Ne6 67.
h4 Kg7 68. h5 Kf8 69. Kc4 Ke7 70. Kd5 Kd7 71. g5 Nxg5 72. Kxc5 Ke6 73. Kd4 Nf3+
74. Ke4 Nxe5 75. Kf4 0-1

[Event "4th Al Ain Chess Classic"]
[Site "Al-Ain UAE"]
[Date "2015.12.26"]
[Round "5.50"]
[White "Guliyev, Gasan"]
[Black "Prathamesh, Sunil Mokal"]
[Result "1/2-1/2"]
[BlackTitle "IM"]
[WhiteElo "2019"]
[BlackElo "2393"]
[WhiteFideId "13404407"]
[BlackFideId "5006040"]
[EventDate "2015.12.23"]

1. d4 Nf6 2. Nf3 c5 3. d5 b5 4. c4 e6 5. Bg5 exd5 6. cxd5 h6 7. Bxf6 Qxf6 8. Qc2
d6 9. e4 a6 10. a4 b4 11. Nbd2 Bg4 12. Bd3 Nd7 13. O-O Bxf3 14. Nxf3 g6 15. e5
dxe5 16. Rae1 Be7 17. Qe2 O-O 18. Nxe5 Nxe5 19. Qxe5 Qxe5 20. Rxe5 Bf6 21. Re2
Rfd8 22. Bc4 a5 23. b3 Kf8 24. Rc1 Bc3 25. Kf1 Re8 26. Rcc2 Red8 1/2-1/2

[Event "4th Al Ain Chess Classic"]
[Site "Al-Ain UAE"]
[Date "2015.12.26"]
[Round "5.51"]
[White "Abtini, Hasan"]
[Black "Mammadzada, Gunay"]
[Result "0-1"]
[BlackTitle "WGM"]
[WhiteElo "1992"]
[BlackElo "2341"]
[WhiteFideId "7601506"]
[BlackFideId "13403729"]
[EventDate "2015.12.23"]

1. Nf3 d5 2. g3 Nf6 3. Bg2 c6 4. O-O Bg4 5. d3 Nbd7 6. Nbd2 e5 7. e4 dxe4 8.
dxe4 Qc7 9. Nc4 Be7 10. Ne3 O-O 11. Nxg4 Nxg4 12. h3 Ngf6 13. Nh4 Nc5 14. Qe2
Rfe8 15. Nf5 Bf8 16. Bg5 Nfd7 17. Be3 Ne6 18. a4 a5 19. c3 Bc5 20. Qc2 Bxe3 21.
Nxe3 Red8 22. f4 exf4 23. gxf4 Nxf4 24. Qf2 g5 25. Kh1 h6 26. Nf5 Kh7 27. h4 f6
28. hxg5 hxg5 29. Rad1 Qe5 30. Rd6 Nc5 31. Rfd1 Rxd6 32. Rxd6 Nxe4 33. Rd7+ Kh8
34. Qg1 Qxf5 35. Qh2+ Kg8 36. Rxb7 0-1

[Event "4th Al Ain Chess Classic"]
[Site "Al-Ain UAE"]
[Date "2015.12.26"]
[Round "5.52"]
[White "Kurbonboeva, Sarvinoz"]
[Black "Sameir, Ramez"]
[Result "1-0"]
[WhiteTitle "WIM"]
[WhiteElo "2295"]
[BlackElo "2080"]
[WhiteFideId "14201780"]
[BlackFideId "10606017"]
[EventDate "2015.12.23"]

1. d4 e6 2. c4 d5 3. Nc3 Nf6 4. cxd5 exd5 5. Bg5 Be7 6. e3 Nbd7 7. Qc2 O-O 8.
Bd3 c6 9. Nf3 Re8 10. O-O Nf8 11. h3 Ng6 12. Ne5 Nd7 13. Bxe7 Qxe7 14. f4 Ndxe5
15. dxe5 Qh4 16. Ne2 Bd7 17. Rad1 Rad8 18. Nd4 c5 19. Nb5 c4 20. Bxg6 Bxb5 21.
Bf5 g6 22. Bg4 c3 23. Rf2 cxb2 24. Qxb2 Ba4 25. Rd3 a6 26. Bf3 Qg3 27. Qd2 Rc8
28. Rc3 Bb5 29. a4 Bd7 30. Bxd5 Rxc3 31. Qxc3 Rc8 32. Qd2 Bxa4 33. e6 Be8 34.
exf7+ 1-0

[Event "4th Al Ain Chess Classic"]
[Site "Al-Ain UAE"]
[Date "2015.12.26"]
[Round "5.53"]
[White "Safranska, Anda"]
[Black "Parnali, S Dharia"]
[Result "1-0"]
[WhiteTitle "WGM"]
[BlackTitle "WIM"]
[WhiteElo "2259"]
[BlackElo "2002"]
[WhiteFideId "11600209"]
[BlackFideId "5043131"]
[EventDate "2015.12.23"]

1. g3 e5 2. Bg2 Nf6 3. c4 Nc6 4. Nc3 Bc5 5. d3 O-O 6. Nf3 d5 7. cxd5 Nxd5 8. O-O
Be6 9. Ng5 Nd4 10. Nxe6 fxe6 11. Ne4 Be7 12. a3 a5 13. e3 Nf5 14. Bd2 c6 15. Qc2
Qb6 16. Kh1 a4 17. Bh3 Kh8 18. Rab1 Qb3 19. Rfc1 Qxc2 20. Rxc2 Nd6 21. Nxd6 Bxd6
22. Kg1 Rf6 23. Rc4 Nb6 24. Re4 Nd7 25. d4 Rh6 26. dxe5 Nxe5 27. Bg2 b5 28. Bc3
Nc4 29. Rg4 Rg6 30. Rxg6 hxg6 31. Bxc6 Rc8 32. Bxb5 Nxa3 33. bxa3 Rxc3 34. Bxa4
Bxa3 35. Rb6 e5 36. Rxg6 Kg8 37. Re6 Rc5 38. Be8 Bb2 39. Bg6 Rc8 40. Kg2 Rb8 41.
h4 Rf8 42. h5 Bc3 43. g4 Rb8 44. g5 Bb2 45. Kg3 Ba3 46. Kg4 Bb2 47. f3 Bc3 48.
Re7 Rf8 49. Be4 Rd8 50. Bg6 Kf8 51. Re6 Kg8 52. Kf5 Rf8+ 53. Ke4 Bb2 54. Re7 Rb8
55. Rd7 Ba1 56. Bf7+ Kh8 57. Kf5 Bc3 58. Be6 Bb2 59. e4 Rf8+ 60. Kg6 Re8 1-0